Loading...
| Fine Arts - Auditory Fine Arts | 3 | 16.67 | 100% | 67% | 0% |
| Fine Arts - Other Fine Arts | 2 | 10.00 | 100% | 0% | 0% |
| Fine Arts - Visual Fine Arts | 6 | 16.67 | 100% | 50% | 17% |
| Geography | 1 | 20.00 | 100% | 100% | 0% |
| History - American History | 1 | 20.00 | 100% | 100% | 0% |
| History - European History | 3 | 13.33 | 67% | 67% | 0% |
| History - Other History | 3 | 13.33 | 100% | 33% | 0% |
| History - World History | 6 | 10.00 | 83% | 17% | 0% |
| Literature - American Literature | 1 | 20.00 | 100% | 100% | 0% |
| Literature - British Literature | 4 | 17.50 | 100% | 75% | 0% |
| Literature - European Literature | 4 | 22.50 | 100% | 100% | 25% |
| Literature - World Literature | 2 | 15.00 | 50% | 100% | 0% |
| Mythology | 5 | 14.00 | 100% | 20% | 20% |
| Philosophy | 2 | 15.00 | 100% | 50% | 0% |
| Pop Culture | 1 | 10.00 | 100% | 0% | 0% |
| Popular Culture | 1 | 0.00 | 0% | 0% | 0% |
| Religion | 3 | 13.33 | 100% | 33% | 0% |
| Science - Biology | 3 | 20.00 | 100% | 100% | 0% |
| Science - Chemistry | 3 | 20.00 | 100% | 33% | 67% |
| Science - Other Science | 4 | 20.00 | 100% | 75% | 25% |
| Science - Physics | 4 | 17.50 | 100% | 75% | 0% |
| Social Science | 3 | 16.67 | 100% | 33% | 33% |